|
|
|
|
| LEADER |
00000naa2a2200000 4500 |
| 001 |
143706 |
| 005 |
20240115141308.0 |
| 035 |
|
|
|a (RuTPU)RU\TPU\book\155736
|
| 090 |
|
|
|a 143706
|
| 100 |
|
|
|a 20080923d2005 k y0rusy50 ca
|
| 101 |
0 |
|
|a rus
|
| 102 |
|
|
|a RU
|
| 200 |
1 |
|
|a Инструментальные средства разработки контролирующих материалов
|f И. В. Кожевников, П. В. Михайлов, Е. А. Мирошниченко
|
| 463 |
|
0 |
|0 (RuTPU)RU\TPU\book\118408
|t Молодежь и современные информационные технологии
|o сборник трудов III Всероссийской научно-практической конференции студентов, г. Томск, 15 февраля - 17 февраля 2005 г.
|f Томский политехнический университет
|v С. 29-32
|d 2005
|p 284 с.
|
| 610 |
1 |
|
|a тесты
|
| 610 |
1 |
|
|a тестовые материалы
|
| 610 |
1 |
|
|a знания
|
| 610 |
1 |
|
|a контроль
|
| 610 |
1 |
|
|a студенты
|
| 610 |
1 |
|
|a автоматизация
|
| 610 |
1 |
|
|a тестовые комплексы
|
| 610 |
1 |
|
|a инструментальные средства
|
| 610 |
1 |
|
|a базы данных
|
| 610 |
1 |
|
|a программные модули
|
| 610 |
1 |
|
|a архитектура
|
| 610 |
1 |
|
|a программный продукт
|
| 610 |
1 |
|
|a труды учёных ТПУ
|
| 700 |
|
1 |
|a Кожевников
|b И. В.
|
| 701 |
|
1 |
|a Михайлов
|b П. В.
|
| 701 |
|
1 |
|a Мирошниченко
|b Е. А.
|c специалист в области информатики и вычислительной техники
|c доцент Томского политехнического университета, кандидат технических наук
|f 1972-
|g Евгений Александрович
|3 (RuTPU)RU\TPU\pers\26747
|9 12390
|
| 801 |
|
1 |
|a RU
|b 63413507
|c 20080923
|g PSBO
|
| 801 |
|
2 |
|a RU
|b 63413507
|c 20151002
|g RCR
|
| 942 |
|
|
|c BK
|